[Event "Scarborough CC Howard Ridout op"]
[Site "Toronto CAN"]
[Date "2008.10.02"]
[Round "4"]
[White "Yuan, Yuanling"]
[Black "Garel, Rick"]
[Result "1-0"]
[WhiteElo "2209"]
[BlackElo "1901"]
[PlyCount "77"]
[GameId "2160767910319793"]
[EventDate "2008.09.11"]
[EventType "swiss"]
[EventRounds "7"]
[EventCountry "CAN"]
[SourceTitle "EXT 2011"]
[Source "ChessBase"]
[SourceDate "2011.11.26"]
[SourceVersion "1"]
[SourceVersionDate "2011.11.26"]
[SourceQuality "1"]

1. e4 c5 2. Nf3 d6 3. d4 cxd4 4. Nxd4 Nf6 5. Nc3 a6 6. Be3 e5 7. Nb3 Be7 8. f3 Be6 9. Qd2 Qc7 10. O-O-O Nbd7 11. g4 b5 12. g5 b4 13. Ne2 Nh5 14. Ng3 Nxg3 15. hxg3 a5 16. Kb1 a4 17. Nc1 b3 18. cxb3 axb3 19. a3 d5 20. Bd3 d4 21. Bg1 Nb6 22. f4 f6 23. f5 Bc4 24. gxf6 gxf6 25. Rh2 Na4 26. Bxc4 Qxc4 27. Qd3 Qxd3+ 28. Nxd3 Bxa3 29. bxa3 Nc3+ 30. Kc1 Nxd1 31. Kxd1 Rxa3 32. Rb2 Ke7 33. Bf2 Rc8 34. Be1 Ra1+ 35. Ke2 Rc2+ 36. Rxc2 bxc2 37. Kd2 Ra2 38. Nc1 Kd6 39. Nxa2 1-0

[Event "Scarborough CC Howard Ridout op"]
[Site "Toronto CAN"]
[Date "2008.10.09"]
[Round "5"]
[White "Arfin, Sam"]
[Black "Henry, Liam"]
[Result "0-1"]
[WhiteElo "1902"]
[BlackElo "2258"]
[PlyCount "52"]
[GameId "2160767910319794"]
[EventDate "2008.09.11"]
[EventType "swiss"]
[EventRounds "7"]
[EventCountry "CAN"]
[SourceTitle "EXT 2011"]
[Source "ChessBase"]
[SourceDate "2011.11.26"]
[SourceVersion "1"]
[SourceVersionDate "2011.11.26"]
[SourceQuality "1"]

1. e4 c5 2. Nf3 d6 3. d4 cxd4 4. Nxd4 Nf6 5. Nc3 a6 6. Be2 e5 7. Nb3 Be7 8. Be3 Be6 9. O-O Nbd7 10. f4 Qc7 11. f5 Bc4 12. Kh1 Rc8 13. a4 O-O 14. g4 h6 15. Bxc4 Qxc4 16. Qf3 d5 17. Nd2 Qb4 18. Nxd5 Nxd5 19. exd5 Rxc2 20. Ne4 Nf6 21. Nxf6+ Bxf6 22. g5 Qh4 23. Bf2 Qxg5 24. Rg1 Qf4 25. Qxf4 exf4 26. d6 Rxf2 0-1

[Event "Scarborough CC Howard Ridout op"]
[Site "Toronto CAN"]
[Date "2008.10.09"]
[Round "5"]
[White "Garel, Rick"]
[Black "Krupka, David"]
[Result "1-0"]
[WhiteElo "1901"]
[BlackElo "2262"]
[PlyCount "34"]
[GameId "2160767910319795"]
[EventDate "2008.09.11"]
[EventType "swiss"]
[EventRounds "7"]
[EventCountry "CAN"]
[SourceTitle "EXT 2011"]
[Source "ChessBase"]
[SourceDate "2011.11.26"]
[SourceVersion "1"]
[SourceVersionDate "2011.11.26"]
[SourceQuality "1"]

1. e4 c6 2. d4 d5 3. f3 g6 4. Be3 Qb6 5. Qc1 Bg7 6. c4 dxe4 7. fxe4 Bxd4 8. Bxd4 Qxd4 9. Nc3 Nd7 10. Nf3 Qg7 11. Be2 e5 12. O-O Ne7 13. Qg5 h6 14. Qg3 O-O 15. Rad1 g5 16. Rd6 f5 17. Qh3 g4 1-0

[Event "Scarborough CC Howard Ridout op"]
[Site "Toronto CAN"]
[Date "2008.10.09"]
[Round "5"]
[White "Paterson, Jim"]
[Black "Corvo, Paul"]
[Result "1-0"]
[WhiteElo "1812"]
[BlackElo "1850"]
[PlyCount "47"]
[GameId "2160767910319796"]
[EventDate "2008.09.11"]
[EventType "swiss"]
[EventRounds "7"]
[EventCountry "CAN"]
[SourceTitle "EXT 2011"]
[Source "ChessBase"]
[SourceDate "2011.11.26"]
[SourceVersion "1"]
[SourceVersionDate "2011.11.26"]
[SourceQuality "1"]

1. e3 c5 2. f4 Nf6 3. b3 d6 4. Bb2 g6 5. Nf3 Bg7 6. Bb5+ Nc6 7. O-O O-O 8. Bxc6 bxc6 9. d3 Qb6 10. Na3 Ba6 11. Qe2 Rfd8 12. c4 d5 13. Ne5 e6 14. g4 Bc8 15. g5 Nd7 16. Ng4 d4 17. exd4 cxd4 18. Nc2 c5 19. Ne1 Qd6 20. Bc1 Bb7 21. h4 Re8 22. Nf3 Bxf3 23. Qxf3 Re7 24. Qxa8+ 1-0

[Event "Scarborough CC Howard Ridout op"]
[Site "Toronto CAN"]
[Date "2008.10.09"]
[Round "5"]
[White "Perez, Michael"]
[Black "Sherman, Joshua"]
[Result "1/2-1/2"]
[WhiteElo "1758"]
[BlackElo "1905"]
[PlyCount "74"]
[GameId "2160767910319797"]
[EventDate "2008.09.11"]
[EventType "swiss"]
[EventRounds "7"]
[EventCountry "CAN"]
[SourceTitle "EXT 2011"]
[Source "ChessBase"]
[SourceDate "2011.11.26"]
[SourceVersion "1"]
[SourceVersionDate "2011.11.26"]
[SourceQuality "1"]

1. e4 c5 2. Nf3 d6 3. d4 cxd4 4. Nxd4 Nf6 5. Nc3 g6 6. f3 Bg7 7. Be3 Nc6 8. Bc4 O-O 9. Qd2 Bd7 10. h4 h5 11. O-O-O Rc8 12. Bb3 Ne5 13. Rdg1 Nc4 14. Bxc4 Rxc4 15. g4 b5 16. b3 Rc5 17. Ndxb5 Rxb5 18. Nxb5 Bxb5 19. Bh6 Qc7 20. Bxg7 Kxg7 21. gxh5 Nxh5 22. Qg5 Rc8 23. Rg2 Qc3 24. Rhh2 Qa1+ 25. Kd2 Qxa2 26. Kd1 Qb1+ 27. Qc1 Qxc1+ 28. Kxc1 Rc3 29. Rg5 a6 30. Rf2 Nf4 31. Kd2 Nh3 32. Kxc3 Nxf2 33. Kd4 Nh3 34. Rg3 Nf4 35. Ke3 e5 36. c4 Bc6 37. Rg1 Kf6 1/2-1/2

[Event "Scarborough CC Howard Ridout op"]
[Site "Toronto CAN"]
[Date "2008.10.09"]
[Round "5"]
[White "Rapoport, Alexander"]
[Black "Bossy, John"]
[Result "0-1"]
[WhiteElo "1946"]
[BlackElo "1863"]
[PlyCount "100"]
[GameId "2160767910319798"]
[EventDate "2008.09.11"]
[EventType "swiss"]
[EventRounds "7"]
[EventCountry "CAN"]

1. d4 Nf6 2. Nf3 d5 3. e3 Bf5 4. c4 c6 5. Nc3 e6 6. Qb3 Qb6 7. Be2 Be7 8. O-O O-O 9. Bd2 Nbd7 10. c5 Qc7 11. Rfc1 Rab8 12. Nh4 Ng4 13. Bxg4 Bxg4 14. f3 Bh5 15. Be1 Qd8 16. g4 Bxg4 17. fxg4 Bxh4 18. Qd1 e5 19. Qf3 exd4 20. Bxh4 Qxh4 21. exd4 Rbe8 22. Rf1 Nf6 23. h3 Re7 24. Kg2 Rfe8 25. Qg3 Qg5 26. Qf4 Qg6 27. Qf5 Ne4 28. Qxg6 hxg6 29. Rae1 g5 30. Rf5 f6 31. Re2 Kf7 32. Rf1 b6 33. cxb6 axb6 34. Na4 b5 35. Nc3 Nxc3 36. Rxe7+ Rxe7 37. bxc3 Re3 38. Rf3 Re2+ 39. Kg3 Rxa2 40. h4 gxh4+ 41. Kxh4 g6 42. Re3 Ra3 43. g5 b4 44. gxf6 Rxc3 45. Re7+ Kxf6 46. Rb7 Rc4 47. Rb6 Rxd4+ 48. Kh3 Rc4 49. Kg3 Ke6 50. Kf3 Kd6 0-1

[Event "Scarborough CC Howard Ridout op"]
[Site "Toronto CAN"]
[Date "2008.10.09"]
[Round "5"]
[White "Samaroo, Muneshwar"]
[Black "Moysoski, Randy"]
[Result "0-1"]
[WhiteElo "1601"]
[BlackElo "1871"]
[PlyCount "76"]
[GameId "2160767910319800"]
[EventDate "2008.09.11"]
[EventType "swiss"]
[EventRounds "7"]
[EventCountry "CAN"]
[SourceTitle "EXT 2011"]
[Source "ChessBase"]
[SourceDate "2011.11.26"]
[SourceVersion "1"]
[SourceVersionDate "2011.11.26"]
[SourceQuality "1"]

1. e4 d5 2. exd5 Qxd5 3. Nc3 Qd6 4. Nf3 a6 5. Be2 Nf6 6. d3 b5 7. O-O Bb7 8. h3 Nbd7 9. a3 e5 10. Re1 Be7 11. Bf1 O-O 12. Nh4 Qc6 13. Nf5 Bc5 14. Be3 Rae8 15. Ng3 b4 16. Bxc5 Qxc5 17. axb4 Qxb4 18. Nce4 Nxe4 19. dxe4 Nc5 20. Qg4 Re6 21. b3 Rg6 22. Qe2 Qb6 23. Kh2 Ne6 24. Nf5 Re8 25. f3 c5 26. c3 Nf4 27. Qe3 Bc8 28. g3 Nh5 29. g4 Nf4 30. c4 Bxf5 31. exf5 Rd6 32. Red1 f6 33. Rxd6 Qxd6 34. Ra5 Rc8 35. Kg3 g6 36. Qe4 Rb8 37. h4 Qd1 38. Kf2 Qd2+ 0-1

[Event "Scarborough CC Howard Ridout op"]
[Site "Toronto CAN"]
[Date "2008.10.09"]
[Round "5"]
[White "Siddeley, Hugh"]
[Black "Ferreira, Alex"]
[Result "1-0"]
[WhiteElo "2110"]
[BlackElo "1908"]
[PlyCount "122"]
[GameId "2160767910319801"]
[EventDate "2008.09.11"]
[EventType "swiss"]
[EventRounds "7"]
[EventCountry "CAN"]
[SourceTitle "EXT 2011"]
[Source "ChessBase"]
[SourceDate "2011.11.26"]
[SourceVersion "1"]
[SourceVersionDate "2011.11.26"]
[SourceQuality "1"]

1. e4 c5 2. Nf3 a6 3. c4 Nc6 4. d4 cxd4 5. Nxd4 e5 6. Nc2 Qh4 7. Bd3 Bc5 8. O-O Nge7 9. Nd2 d6 10. a3 O-O 11. b4 Bd4 12. Nf3 Qh5 13. Nfxd4 Qxd1 14. Rxd1 exd4 15. Bb2 Be6 16. Nxd4 Nxd4 17. Bxd4 Nc6 18. Be2 Ne5 19. c5 Bb3 20. Rdc1 Nc6 21. Be3 dxc5 22. Rxc5 Rfe8 23. Rc3 Ba4 24. f3 Rad8 25. Bc4 Nd4 26. Kf2 Nb5 27. Rcc1 Nd4 28. Ra2 h6 29. Bd5 Bb3 30. Bxb3 Nxb3 31. Rc3 Nd4 32. Bxd4 Rxd4 33. Rc7 b5 34. Rc6 Re6 35. Rxe6 fxe6 36. Ke3 Rc4 37. Kd3 Rc6 38. Rc2 Rd6+ 39. Ke3 Kf7 40. e5 Rd1 41. Rc6 Re1+ 42. Kf2 Rxe5 43. Rxa6 Rd5 44. Ra5 Rd3 45. Rxb5 Rxa3 46. g4 Kf6 47. h4 Rb3 48. Rb7 e5 49. Rb6+ Kf7 50. h5 Ke7 51. b5 Rb2+ 52. Ke3 Rb3+ 53. Ke4 Kf7 54. Rb7+ Kf6 55. b6 Rb4+ 56. Ke3 Rb3+ 57. Kf2 Rb2+ 58. Ke3 Rb3+ 59. Ke4 Rb4+ 60. Kd5 Rb3 61. Rb8 Kg5 1-0

[Event "Scarborough CC Howard Ridout op"]
[Site "Toronto CAN"]
[Date "2008.10.16"]
[Round "6"]
[White "Ferreira, Alex"]
[Black "Beal, Greg"]
[Result "1-0"]
[WhiteElo "1908"]
[BlackElo "1826"]
[PlyCount "33"]
[GameId "2160767910319802"]
[EventDate "2008.09.11"]
[EventType "swiss"]
[EventRounds "7"]
[EventCountry "CAN"]
[SourceTitle "EXT 2011"]
[Source "ChessBase"]
[SourceDate "2011.11.26"]
[SourceVersion "1"]
[SourceVersionDate "2011.11.26"]
[SourceQuality "1"]

1. e4 e5 2. f4 Bc5 3. c3 d6 4. d4 exd4 5. cxd4 Bb4+ 6. Nc3 Bxc3+ 7. bxc3 Nf6 8. Bd3 c6 9. Nf3 Qc7 10. O-O Nbd7 11. e5 dxe5 12. fxe5 Nd5 13. Ng5 g6 14. Rxf7 Qa5 15. Rxh7 Rxh7 16. Bxg6+ Kd8 17. Ne6+ 1-0

[Event "Scarborough CC Howard Ridout op"]
[Site "Toronto CAN"]
[Date "2008.10.16"]
[Round "6"]
[White "Mesiti, Silvano"]
[Black "Armstrong, Robert J"]
[Result "1/2-1/2"]
[WhiteElo "1759"]
[BlackElo "1834"]
[PlyCount "98"]
[GameId "2160767910319803"]
[EventDate "2008.09.11"]
[EventType "swiss"]
[EventRounds "7"]
[EventCountry "CAN"]
[SourceTitle "EXT 2011"]
[Source "ChessBase"]
[SourceDate "2011.11.26"]
[SourceVersion "1"]
[SourceVersionDate "2011.11.26"]
[SourceQuality "1"]

1. e4 g6 2. d4 Bg7 3. Nf3 d6 4. Bc4 Nf6 5. Nc3 Nxe4 6. Nxe4 d5 7. Bb5+ c6 8. Bxc6+ bxc6 9. Nc5 Nd7 10. Nd3 O-O 11. O-O Qb6 12. c3 Ba6 13. Re1 Rfe8 14. Nb4 Bb7 15. Nd3 a5 16. Qb3 Qa6 17. Qc2 Rac8 18. b4 Qa7 19. Ba3 e6 20. Rab1 Bf8 21. Nc5 Nxc5 22. bxc5 Bg7 23. Bc1 Ba6 24. Bf4 Bc4 25. Bd6 Bf8 26. Be5 Re7 27. Rb6 Rb7 28. Reb1 Rd7 29. Nd2 Bb5 30. a4 Ba6 31. Nf3 Be7 32. Qd2 Bf8 33. Qf4 Bg7 34. Bf6 Rb7 35. Qe5 Bf8 36. h4 Rcb8 37. Rxb7 Rxb7 38. Rxb7 Qxb7 39. h5 Qb1+ 40. Kh2 Qf5 41. Qxf5 gxf5 42. Bd8 Bc4 43. Ne5 Bb3 44. Nxc6 Bh6 45. Bxa5 Bxa4 46. Ne5 Bb5 47. Kg3 f6 48. Nf3 Bg7 49. Kh4 e5 1/2-1/2

[Event "Scarborough CC Howard Ridout op"]
[Site "Toronto CAN"]
[Date "2008.10.16"]
[Round "6"]
[White "Moysoski, Randy"]
[Black "Wu, Aaron"]
[Result "1-0"]
[WhiteElo "1871"]
[BlackElo "1860"]
[PlyCount "45"]
[GameId "2160767910319804"]
[EventDate "2008.09.11"]
[EventType "swiss"]
[EventRounds "7"]
[EventCountry "CAN"]
[SourceTitle "EXT 2011"]
[Source "ChessBase"]
[SourceDate "2011.11.26"]
[SourceVersion "1"]
[SourceVersionDate "2011.11.26"]
[SourceQuality "1"]

1. e4 c5 2. Nc3 Nc6 3. g3 g6 4. Bg2 Bg7 5. d3 d6 6. Nh3 e6 7. O-O Nge7 8. Be3 O-O 9. Qd2 Re8 10. f4 f5 11. e5 b6 12. exd6 Qxd6 13. Rae1 Ba6 14. Ng5 Nd5 15. Bf2 h6 16. Nxe6 Bxc3 17. bxc3 Rxe6 18. c4 Rxe1 19. Bxd5+ Kh7 20. Rxe1 Rd8 21. Re6 Qd7 22. Qe3 Bc8 23. Rxc6 1-0

[Event "Scarborough CC Howard Ridout op"]
[Site "Toronto CAN"]
[Date "2008.10.16"]
[Round "6"]
[White "Sherman, Joshua"]
[Black "Paterson, Jim"]
[Result "1/2-1/2"]
[WhiteElo "1905"]
[BlackElo "1812"]
[PlyCount "80"]
[GameId "2160767910319805"]
[EventDate "2008.09.11"]
[EventType "swiss"]
[EventRounds "7"]
[EventCountry "CAN"]
[SourceTitle "EXT 2011"]
[Source "ChessBase"]
[SourceDate "2011.11.26"]
[SourceVersion "1"]
[SourceVersionDate "2011.11.26"]
[SourceQuality "1"]

1. e4 c6 2. d4 d5 3. Nc3 dxe4 4. Nxe4 g6 5. Nf3 Bg7 6. Bc4 Nf6 7. Nxf6+ Bxf6 8. Bh6 Qa5+ 9. c3 Qh5 10. Bf4 O-O 11. Qd3 Nd7 12. h3 Nb6 13. Bb3 Nd5 14. Bg3 Qf5 15. Qd2 Qe4+ 16. Kf1 Bf5 17. Rd1 Kg7 18. Kg1 a5 19. Kh2 Qe6 20. Rhe1 Qc8 21. Be5 a4 22. Bxd5 cxd5 23. Bxf6+ exf6 24. Qf4 Qc4 25. Re7 b5 26. a3 Rae8 27. Rde1 Qc6 28. Rc7 Qb6 29. Ree7 Rxe7 30. Rxe7 Qb8 31. Qxb8 Rxb8 32. Ne1 Kf8 33. Re3 Re8 34. Rxe8+ Kxe8 35. g4 Be4 36. f3 Bb1 37. Ng2 Kd7 38. Ne3 Kd6 39. f4 Ke6 40. Kg3 Be4 1/2-1/2

[Event "Scarborough CC Howard Ridout op"]
[Site "Toronto CAN"]
[Date "2008.10.16"]
[Round "6"]
[White "Wu, Kevin"]
[Black "Rutherdale, William"]
[Result "1-0"]
[WhiteElo "1963"]
[BlackElo "1739"]
[PlyCount "77"]
[GameId "2160767910319806"]
[EventDate "2008.09.11"]
[EventType "swiss"]
[EventRounds "7"]
[EventCountry "CAN"]
[SourceTitle "EXT 2011"]
[Source "ChessBase"]
[SourceDate "2011.11.26"]
[SourceVersion "1"]
[SourceVersionDate "2011.11.26"]
[SourceQuality "1"]

1. e4 c6 2. d4 d5 3. f3 e6 4. Nc3 b6 5. Be3 Bb4 6. Bd3 Ba6 7. a3 dxe4 8. fxe4 Bxc3+ 9. bxc3 Nf6 10. h3 O-O 11. Nf3 Bxd3 12. cxd3 Qc7 13. O-O Nbd7 14. c4 Rad8 15. Bg5 Rc8 16. e5 Nh5 17. Be7 Rfe8 18. Bd6 Qd8 19. Kh2 g6 20. Qd2 Ng7 21. g4 f6 22. Qh6 c5 23. exf6 Nxf6 24. Be5 Qe7 25. Bxf6 Qxf6 26. Ng5 Nf5 27. gxf5 exf5 28. Qxh7+ Kf8 29. Qh6+ Kg8 30. Rae1 Rcd8 31. d5 f4 32. Qh7+ Kf8 33. Ne6+ Rxe6 34. Rxe6 Rd6 35. Rxf6+ Rxf6 36. Re1 Re6 37. dxe6 Ke8 38. Qd7+ Kf8 39. Qf7# 1-0

[Event "Scarborough CC Howard Ridout op"]
[Site "Toronto CAN"]
[Date "2008.10.23"]
[Round "7"]
[White "Armstrong, Robert J"]
[Black "Wilker, Marcus"]
[Result "0-1"]
[WhiteElo "1834"]
[BlackElo "1800"]
[PlyCount "132"]
[GameId "2160767910319807"]
[EventDate "2008.09.11"]
[EventType "swiss"]
[EventRounds "7"]
[EventCountry "CAN"]
[SourceTitle "EXT 2011"]
[Source "ChessBase"]
[SourceDate "2011.11.26"]
[SourceVersion "1"]
[SourceVersionDate "2011.11.26"]
[SourceQuality "1"]

1. d4 Nf6 2. c4 e6 3. Nf3 b6 4. e3 Bb7 5. Bd3 d6 6. O-O Nbd7 7. Nc3 e5 8. d5 Nc5 9. e4 Bc8 10. h3 Be7 11. b4 Nb7 12. Be3 Bd7 13. Rc1 Qc8 14. Na4 Bxh3 15. gxh3 Qxh3 16. Nh2 h5 17. Qf3 Qd7 18. Nb2 g5 19. a4 g4 20. Qf5 Qxf5 21. exf5 Rg8 22. Rfe1 Kd7 23. c5 dxc5 24. Bb5+ Kc8 25. Bc6 cxb4 26. Nc4 e4 27. Bf4 Bc5 28. Kg2 Rb8 29. Bxb7+ Kxb7 30. d6 Nd5 31. Bg3 cxd6 32. Rxe4 Rgd8 33. Rd1 Kc6 34. Rd2 Rd7 35. Nf1 Nc3 36. Re1 Nxa4 37. Nfe3 b5 38. Na5+ Kb6 39. Nb3 Nc3 40. Nd5+ Nxd5 41. Rxd5 Rbd8 42. Red1 Kc6 43. Na5+ Kb6 44. Nb3 Rc7 45. Nxc5 Rxc5 46. Rxd6+ Rxd6 47. Rxd6+ Ka5 48. Rd7 b3 49. Rxa7+ Kb4 50. Ra1 b2 51. Rb1 Rc2 52. Be5 Kb3 53. Bxb2 Rxb2 54. Re1 h4 55. Re7 g3 56. Re3+ Ka2 57. Kh3 gxf2 58. Kg2 Rb3 59. Re4 Rf3 60. Kf1 h3 61. Rh4 Ka3 62. Rh6 b4 63. Ra6+ Kb2 64. Ra4 Rf4 65. Ra8 Rh4 66. Kxf2 h2 0-1

[Event "Scarborough CC Howard Ridout op"]
[Site "Toronto CAN"]
[Date "2008.10.23"]
[Round "7"]
[White "Beal, Greg"]
[Black "Garel, Rick"]
[Result "0-1"]
[WhiteElo "1826"]
[BlackElo "1901"]
[PlyCount "54"]
[GameId "2160767910319808"]
[EventDate "2008.09.11"]
[EventType "swiss"]
[EventRounds "7"]
[EventCountry "CAN"]
[SourceTitle "EXT 2011"]
[Source "ChessBase"]
[SourceDate "2011.11.26"]
[SourceVersion "1"]
[SourceVersionDate "2011.11.26"]
[SourceQuality "1"]

1. e4 c5 2. Nf3 d6 3. d4 cxd4 4. Nxd4 Nf6 5. Nc3 a6 6. Bg5 e5 7. Nb3 Be6 8. Nd5 Nbd7 9. c4 h6 10. Bxf6 Nxf6 11. Bd3 Be7 12. O-O O-O 13. Rc1 Rc8 14. Qe2 Nd7 15. f4 Bxd5 16. exd5 exf4 17. Qe4 g6 18. Rce1 Ne5 19. Rxf4 Bg5 20. Rff1 Qc7 21. h4 Nxd3 22. hxg5 Nxe1 23. gxh6 Rce8 24. Qh4 Qe7 25. Rf6 Qe3+ 26. Kh1 Re4 27. Qh2 Qg5 0-1

[Event "Scarborough CC Howard Ridout op"]
[Site "Toronto CAN"]
[Date "2008.10.23"]
[Round "7"]
[White "Moran-Venegas, Mario"]
[Black "Mesiti, Silvano"]
[Result "1-0"]
[WhiteElo "1696"]
[BlackElo "1759"]
[PlyCount "149"]
[GameId "2160767910319810"]
[EventDate "2008.09.11"]
[EventType "swiss"]
[EventRounds "7"]
[EventCountry "CAN"]
[SourceTitle "EXT 2011"]
[Source "ChessBase"]
[SourceDate "2011.11.26"]
[SourceVersion "1"]
[SourceVersionDate "2011.11.26"]
[SourceQuality "1"]

1. e4 e5 2. Nf3 d6 3. d4 exd4 4. Qxd4 Nc6 5. Bb5 Bd7 6. Bxc6 Bxc6 7. Nc3 Qf6 8. Bg5 Qxd4 9. Nxd4 Be7 10. Bxe7 Nxe7 11. Nxc6 Nxc6 12. O-O-O O-O-O 13. Rd5 Rhe8 14. Rhd1 f6 15. Rh5 h6 16. f4 a6 17. Rd3 b5 18. a3 Nb8 19. Rg3 Rd7 20. Re3 c6 21. Ne2 Rh8 22. f5 Re8 23. Nf4 Rde7 24. Ne6 Rxe6 25. fxe6 Rxe6 26. Rg3 Re7 27. Rh4 g5 28. Rxh6 Nd7 29. h4 gxh4 30. Rxh4 Nc5 31. Rgg4 Kd7 32. Rf4 Ke6 33. Rh6 Nd7 34. Kd2 Rg7 35. g4 Ke5 36. Ke3 a5 37. b4 axb4 38. axb4 Rg8 39. Rf5+ Ke6 40. g5 Rf8 41. Rf1 Ke7 42. Rh7+ Ke6 43. g6 Rg8 44. g7 Ne5 45. Rg1 Nf7 46. Kf4 Ng5 47. Rxg5 fxg5+ 48. Kxg5 Ke5 49. Kg6 Kxe4 50. Rh8 Rxg7+ 51. Kxg7 Kd4 52. Rh3 c5 53. bxc5 dxc5 54. Kf6 c4 55. c3+ Kc5 56. Rh5+ Kb6 57. Ke5 b4 58. cxb4 Kb5 59. Kd4+ Kxb4 60. Rc5 Kb3 61. Rxc4 Kb2 62. Rc8 Kb3 63. Rc7 Kb2 64. Kd3 Kb1 65. Kd2 Kb2 66. Rb7+ Ka3 67. Kc2 Ka4 68. Kc3 Ka5 69. Kc4 Ka6 70. Rb1 Ka5 71. Rb2 Ka6 72. Kc5 Ka7 73. Kc6 Ka8 74. Kc7 Ka7 75. Ra2# 1-0

[Event "Scarborough CC Howard Ridout op"]
[Site "Toronto CAN"]
[Date "2008.10.23"]
[Round "7"]
[White "Rutherdale, William"]
[Black "Maister, Martin"]
[Result "1-0"]
[WhiteElo "1739"]
[BlackElo "1868"]
[PlyCount "87"]
[GameId "2160767910319811"]
[EventDate "2008.09.11"]
[EventType "swiss"]
[EventRounds "7"]
[EventCountry "CAN"]
[SourceTitle "EXT 2011"]
[Source "ChessBase"]
[SourceDate "2011.11.26"]
[SourceVersion "1"]
[SourceVersionDate "2011.11.26"]
[SourceQuality "1"]

1. d4 Nf6 2. c4 c5 3. d5 b5 4. b3 bxc4 5. bxc4 g6 6. Bb2 Bg7 7. Nf3 d6 8. e3 O-O 9. Be2 a5 10. O-O a4 11. a3 Bb7 12. Nc3 Ne8 13. Qc2 Nc7 14. Nxa4 Bxb2 15. Nxb2 e5 16. Rfb1 Ba6 17. a4 Nd7 18. a5 f5 19. Na4 e4 20. Ne1 Ne5 21. Nb6 Ra7 22. Qa4 Qe7 23. Nc2 f4 24. exf4 Rxf4 25. Ne3 Qf6 26. Nd7 Nxd7 27. Qxd7 Qf8 28. Nd1 Rf7 29. Qc6 Ra8 30. Rb6 Rd8 31. Rxa6 Nxa6 32. Qxa6 Qg7 33. Rb1 Ra7 34. Qb6 Qe7 35. Bg4 Rda8 36. Be6+ Kg7 37. Qc6 Qc7 38. Kf1 Kf6 39. Bg4 h5 40. Be2 Qxc6 41. dxc6 Rxa5 42. c7 R5a7 43. Rb8 Rxc7 44. Rxa8 1-0

[Event "Scarborough CC Howard Ridout op U1700"]
[Site "Toronto CAN"]
[Date "2008.09.11"]
[Round "1"]
[White "Dattani, Dinesh"]
[Black "Karpik, Steve"]
[Result "1-0"]
[WhiteElo "1273"]
[BlackElo "1542"]
[PlyCount "67"]
[GameId "2160767910319812"]
[EventDate "2008.09.11"]
[EventType "swiss"]
[EventRounds "7"]
[EventCountry "CAN"]
[SourceTitle "EXT 2011"]
[Source "ChessBase"]
[SourceDate "2011.11.26"]
[SourceVersion "1"]
[SourceVersionDate "2011.11.26"]
[SourceQuality "1"]

1. d4 Nf6 2. c4 g6 3. Nc3 Bg7 4. e4 d6 5. Nf3 O-O 6. Be2 Nbd7 7. O-O c5 8. Be3 Ng4 9. Bg5 cxd4 10. Nxd4 Nge5 11. Nd5 Nf6 12. Nxf6+ Bxf6 13. Bxf6 exf6 14. Nb5 Qb6 15. b3 Rd8 16. Qd2 a6 17. Nc3 Be6 18. Rad1 Rac8 19. Qf4 Kg7 20. Kh1 Qb4 21. Nd5 Bxd5 22. Rxd5 Rc5 23. Qd2 Qxd2 24. Rxd2 Rc7 25. Rd5 Rc5 26. Rfd1 Rxd5 27. Rxd5 b6 28. b4 a5 29. bxa5 bxa5 30. Rxa5 Nxc4 31. Bxc4 Rc8 32. Bf1 Rc1 33. Kg1 Rd1 34. a4 1-0

[Event "Scarborough CC Howard Ridout op U1700"]
[Site "Toronto CAN"]
[Date "2008.09.11"]
[Round "1"]
[White "Morra, Lui"]
[Black "Azmitia, Gabriel"]
[Result "0-1"]
[WhiteElo "1637"]
[BlackElo "1415"]
[PlyCount "90"]
[GameId "2160767910319813"]
[EventDate "2008.09.11"]
[EventType "swiss"]
[EventRounds "7"]
[EventCountry "CAN"]
[SourceTitle "EXT 2011"]
[Source "ChessBase"]
[SourceDate "2011.11.26"]
[SourceVersion "1"]
[SourceVersionDate "2011.11.26"]
[SourceQuality "1"]

1. e4 e5 2. Nf3 Nc6 3. Bb5 a6 4. Ba4 Nf6 5. O-O b5 6. Bb3 Be7 7. a4 b4 8. Qe2 O-O 9. c3 Na5 10. Bc2 c5 11. Nxe5 d6 12. Nf3 Nc6 13. h3 Qb6 14. b3 Nd7 15. d3 Re8 16. Be3 a5 17. d4 Bf8 18. Ng5 Nf6 19. f4 h6 20. e5 Nd5 21. Qc4 Nce7 22. Qd3 f5 23. exf6 Nxf6 24. Nh7 Bf5 25. Nxf6+ gxf6 26. Qd1 Bxc2 27. Qxc2 Bg7 28. Nd2 Nd5 29. Bf2 Re2 30. dxc5 dxc5 31. Qd3 Nxc3 32. Rac1 Ree8 33. Qc4+ Kh8 34. Bxc5 Qb7 35. Bd4 Ne2+ 36. Kh2 Nxc1 37. Rxc1 Ra6 38. Qd3 Rae6 39. Qg6 Qd7 40. Nf3 Qd6 41. Qg4 Re4 42. g3 Rxd4 43. Nxd4 Qxd4 44. h4 Qd2+ 45. Kh3 Qxc1 0-1

[Event "Scarborough CC Howard Ridout op U1700"]
[Site "Toronto CAN"]
[Date "2008.09.11"]
[Round "1"]
[White "Umana, Mario"]
[Black "Ward, Dean"]
[Result "0-1"]
[WhiteElo "1430"]
[BlackElo "1644"]
[PlyCount "58"]
[GameId "2160767910319814"]
[EventDate "2008.09.11"]
[EventType "swiss"]
[EventRounds "7"]
[EventCountry "CAN"]
[SourceTitle "EXT 2011"]
[Source "ChessBase"]
[SourceDate "2011.11.26"]
[SourceVersion "1"]
[SourceVersionDate "2011.11.26"]
[SourceQuality "1"]

1. e4 c5 2. Nf3 Nc6 3. Bc4 d6 4. h3 Nf6 5. Nc3 a6 6. d3 Na5 7. e5 dxe5 8. Nxe5 Nxc4 9. Nxc4 b5 10. Ne5 Bb7 11. Nf3 g6 12. Bg5 Bg7 13. O-O O-O 14. Nd2 b4 15. Na4 Qd5 16. Nf3 Qc6 17. b3 e5 18. Rb1 e4 19. dxe4 Nxe4 20. Be3 Rad8 21. Qe2 Rfe8 22. Qc4 Bd4 23. Rbd1 Bxe3 24. Rxd8 Bxf2+ 25. Rxf2 Rxd8 26. Ne5 Rd1+ 27. Kh2 Rh1+ 28. Kxh1 Nxf2+ 29. Kg1 Qxg2# 0-1

[Event "Scarborough CC Howard Ridout op U1700"]
[Site "Toronto CAN"]
[Date "2008.09.11"]
[Round "1"]
[White "Xia, Linda"]
[Black "Zhang, Yuanchen"]
[Result "1-0"]
[WhiteElo "1533"]
[BlackElo "912"]
[PlyCount "89"]
[GameId "2160767910319815"]
[EventDate "2008.09.11"]
[EventType "swiss"]
[EventRounds "7"]
[EventCountry "CAN"]
[SourceTitle "EXT 2011"]
[Source "ChessBase"]
[SourceDate "2011.11.26"]
[SourceVersion "1"]
[SourceVersionDate "2011.11.26"]
[SourceQuality "1"]

1. d4 d5 2. c4 e6 3. Nc3 Nf6 4. Bg5 Nc6 5. e3 Be7 6. Nf3 O-O 7. Bd3 Nb4 8. cxd5 exd5 9. O-O Nxd3 10. Qxd3 Bg4 11. Ne5 Be6 12. Qb5 b6 13. Rac1 a6 14. Qb3 c5 15. Qd1 Nd7 16. Nxd7 Bxd7 17. Bxe7 Qxe7 18. dxc5 bxc5 19. Nxd5 Qe4 20. Nb6 Rad8 21. Qd5 Qxd5 22. Nxd5 Rb8 23. b3 Bb5 24. Rfe1 Rfe8 25. Rxc5 Re5 26. e4 Bd3 27. f3 Rb5 28. Rxb5 axb5 29. Rd1 Be2 30. Rd2 b4 31. Rxe2 Re8 32. Nxb4 Rd8 33. Nd5 g6 34. b4 Kf8 35. Rc2 Rb8 36. Rc5 Ra8 37. Nc3 f5 38. exf5 gxf5 39. b5 Re8 40. a4 Re1+ 41. Kf2 Rc1 42. b6 Rb1 43. a5 Ra1 44. a6 Rxa6 45. b7 1-0